000 01074nam a2200337 i 4500
001 1441
003 KOSZ 005
005 20200630132815.0
008 010129s1979 pl a f f |000 0 pol
015 _aPB 1979/10642
020 _a8301008881
035 _a(OCoLC)749355265
040 _aWA N
_cWA N
_dKOSZ 005/EG
041 0 _apol
046 _k1979
080 _a621.56/.59
080 _a(075.8)
100 1 _aRubik, Marian
_eAutor
245 1 0 _aChłodnictwo /
_cMarian Rubik.
260 _aWarszawa ;
_aŁódź :
_bPaństwowe Wydaw. Naukowe,
_c1979.
300 _a265, [2] s., [1] k. tabl. :
_bil., tab., wykr. ;
_c24 cm.
380 _aKsiążki.
504 _aBibliogr. s. [267].
521 8 _aSkrypt dla studentów wyższych szkół technicznych.
650 4 _aChłodnictwo
655 4 _aPodręczniki akademickie
658 _aInżynieria i technika
710 2 _aPaństwowe Wydawnictwo Naukowe
_4pbl.
856 _uhttp://koha.tu.koszalin.pl/cgi-bin/koha/opac-detail.pl?biblionumber=1441
_yKatalog online BPK
942 _2UKD
_cKS
999 _c1441
_d1441